[Event "Yerevan"]
[Site "?"]
[Date "1996.??.??"]
[Round "?"]
[White "Gulko, B."]
[Black "Svidler, P."]
[Result "1/2-1/2"]
[WhiteElo "2615"]
[BlackElo "2630"]
[PlyCount "68"]
[EventDate "1996.??.??"]
[Source "ChessBase"]
[SourceDate "1996.02.01"]

1. c4 Nf6 2. Nc3 g6 3. e4 d6 4. d4 Bg7 5. f3 O-O 6. Be3 b6 7. Nge2 c5 8. d5 Na6 9. Ng3 Nc7 10. Bd3 Rb8 11. O-O Bd7 12. Qd2 b5 13. b3 bxc4 14. bxc4 e6 15. Rab1 exd5 16. exd5 Rb6 17. Rxb6 axb6 18. Bf4 Nfe8 19. Rb1 b5 20. Nce4 Bc8 21. a3 f5 22. Bg5 Qd7 23. Nc3 bxc4 24. Bxc4 Ba6 25. Bxa6 Nxa6 26. Nge2 Nec7 27. h4 Rb8 28. Rxb8+ Nxb8 29. Qb2 Qc8 30. Bf4 Bf8 31. Qb6 Nd7 32. Qc6 Nb8 33. Qb6 Nd7 34. Qc6 Nb8 1/2-1/2

[Event "Biel"]
[Site "?"]
[Date "1993.??.??"]
[Round "?"]
[White "Lautier, Joel"]
[Black "Piket, Jeroen"]
[Result "1-0"]
[WhiteElo "2645"]
[BlackElo "2590"]
[PlyCount "59"]
[EventDate "1993.??.??"]
[Source "www.chesslib.no"]
[SourceDate "2004.05.04"]

1. c4 g6 2. d4 Bg7 3. Nc3 d6 4. e4 Nf6 5. f3 O-O 6. Be3 b6 7. Qd2 c5 8. d5 Re8 9. Nge2 e6 10. Ng3 exd5 11. cxd5 Ba6 12. Nb5 Bb7 13. Be2 a6 14. Nc3 Nbd7 15. a4 Rc8 16. O-O h5 17. Bh6 c4 18. Bxg7 Kxg7 19. Rf2 Qc7 20. Nf1 Qc5 21. Ne3 Ne5 22. Nc2 Rc7 23. Nd4 Bc8 24. Na2 Neg4 25. fxg4 Nxg4 26. Qe3 Nxf2 27. Qxf2 Rce7 28. Nc3 Re5 29. Rd1 h4 30. Qxh4 1-0

[Event "JUG-chT playoff f"]
[Site "Novi Sad"]
[Date "2000.09.08"]
[Round "1.1"]
[White "Sakaev, Konstantin"]
[Black "Nevednichy, Vladislav"]
[Result "1/2-1/2"]
[WhiteElo "2627"]
[BlackElo "2582"]
[PlyCount "139"]
[EventDate "2000.09.??"]
[Source "ChessBase"]
[SourceDate "2000.11.10"]

1. d4 Nf6 2. c4 d6 3. Nc3 g6 4. e4 Bg7 5. f3 O-O 6. Be3 b6 7. Bd3 a6 8. Nge2 c5 9. e5 Nfd7 10. exd6 exd6 11. O-O Nc6 12. Be4 Bb7 13. Qd2 Nf6 14. Bxc6 Bxc6 15. Rad1 Re8 16. Bg5 Qc7 17. b3 b5 18. d5 Bb7 19. g4 b4 20. Na4 h6 21. Bf4 Kh7 22. Ng3 Bc8 23. Kg2 Bd7 24. Nb2 a5 25. Nd3 a4 26. Nf2 axb3 27. axb3 Ra3 28. Qd3 Kg8 29. h3 Nh7 30. Nfe4 Bf8 31. Rde1 Ra2+ 32. Rf2 Rxf2+ 33. Kxf2 Ra8 34. Kg2 Ra3 35. Re2 Qb6 36. h4 Ra1 37. Qd2 f5 38. gxf5 gxf5 39. Nf2 Qd8 40. Bxh6 Qxh4 41. Bf4 Qf6 42. Re1 Rxe1 43. Qxe1 Qb2 44. Qe3 Kf7 45. Qd3 Kg6 46. Ne2 Kf7 47. Nd1 Qg7+ 48. Ng3 Nf6 49. Kf2 Qh7 50. Ne3 Nh5 51. Nxh5 Qxh5 52. Ng2 Be7 53. Qe2 Qg6 54. Qa2 Bg5 55. Bxg5 Qxg5 56. f4 Qf6 57. Qd2 Kf8 58. Qe3 Be8 59. Qh3 Qd4+ 60. Kf1 Qd1+ 61. Kf2 Qc2+ 62. Kg1 Bf7 63. Qh6+ Ke7 64. Ne3 Qc1+ 65. Kf2 Qb2+ 66. Kf1 Qf6 67. Qxf6+ Kxf6 68. Kf2 Bh5 69. Ke1 Bf3 70. Kf1 1/2-1/2

[Event "BL"]
[Site "?"]
[Date "1992.??.??"]
[Round "?"]
[White "Razuvaev, Yuri S"]
[Black "Khalifman, Alexander V"]
[Result "1/2-1/2"]
[WhiteElo "2575"]
[BlackElo "2625"]
[PlyCount "49"]
[EventDate "1992.??.??"]
[Source "www.chesslib.no"]
[SourceDate "2004.05.04"]

1. d4 Nf6 2. c4 g6 3. Nc3 Bg7 4. e4 d6 5. f3 O-O 6. Be3 b6 7. Nge2 c5 8. d5 e6 9. Qd2 exd5 10. cxd5 Ba6 11. Ng3 Bxf1 12. Rxf1 Nbd7 13. Bh6 Rb8 14. Bxg7 Kxg7 15. Nb5 Ne5 16. Nxa7 Re8 17. Kf2 Rb7 18. Nc6 Nxc6 19. dxc6 Rc7 20. Kg1 Rxc6 21. Rad1 d5 22. exd5 Rd6 23. Qc3 Kg8 24. Qb3 Re5 25. Rfe1 1/2-1/2

[Event "ROM-chT"]
[Site "ROM"]
[Date "2000.??.??"]
[Round "2"]
[White "Istratescu, Andrei"]
[Black "Nevednichy, Vladislav"]
[Result "1/2-1/2"]
[WhiteElo "2556"]
[BlackElo "2589"]
[PlyCount "42"]
[EventDate "2000.??.??"]
[Source "www.chesslib.no"]
[SourceDate "2004.05.04"]

1. d4 Nf6 2. c4 g6 3. Nc3 Bg7 4. e4 d6 5. f3 O-O 6. Be3 b6 7. Qd2 c5 8. d5 e6 9. Nge2 exd5 10. cxd5 Ba6 11. a4 Nbd7 12. Nb5 Ne5 13. Nec3 Ne8 14. Be2 f5 15. O-O Nf6 16. exf5 gxf5 17. Bh6 Bxh6 18. Qxh6 Bc8 19. Rae1 a6 20. Na3 Ra7 21. Qd2 Rg7 1/2-1/2

[Event "XI Festival"]
[Site "Voronezh RUS"]
[Date "2007.06.15"]
[Round "4"]
[White "Kryakvin, D."]
[Black "Savchenko, B."]
[Result "1/2-1/2"]
[WhiteElo "2539"]
[BlackElo "2583"]
[PlyCount "51"]
[EventDate "2007.06.12"]
[Source "www.chesslib.no"]
[SourceDate "2004.05.04"]

1. d4 Nf6 2. c4 g6 3. f3 Bg7 4. e4 d6 5. Nc3 O-O 6. Be3 b6 7. Bd3 a6 8. Nge2 Nbd7 9. b4 c5 10. Rb1 cxd4 11. Nxd4 Bb7 12. O-O Rc8 13. Qb3 e6 14. Rfe1 Ne5 15. Bf1 Qc7 16. Rec1 Nxc4 17. Ndb5 axb5 18. Nxb5 Qb8 19. Rxc4 Rxc4 20. Bxc4 d5 21. exd5 Nxd5 22. Bf2 Be5 23. g3 Rc8 24. a4 Bc6 25. Bxd5 Bxd5 26. Qe3 1/2-1/2

[Event "San Bernardino"]
[Site "?"]
[Date "1987.??.??"]
[Round "?"]
[White "Georgiev, Kir"]
[Black "Cvitan, O."]
[Result "1-0"]
[WhiteElo "2605"]
[BlackElo "2510"]
[PlyCount "65"]
[EventDate "1987.??.??"]
[Source "ChessBase"]
[SourceDate "1987.07.01"]

1. d4 Nf6 2. c4 g6 3. Nc3 Bg7 4. e4 d6 5. f3 O-O 6. Be3 b6 7. Bd3 a6 8. Nge2 c5 9. e5 Ne8 10. Be4 Ra7 11. dxc5 bxc5 12. Bxc5 Rd7 13. Be3 Bb7 14. e6 fxe6 15. Nd4 Bxd4 16. Bxd4 d5 17. cxd5 exd5 18. Bc2 e5 19. Bc5 Rff7 20. O-O Ng7 21. b4 d4 22. Na4 Nf5 23. Bxf5 gxf5 24. Nb6 Rc7 25. Nc4 Nd7 26. Nd6 Rf6 27. Qb3+ Kg7 28. f4 Nxc5 29. bxc5 Rxd6 30. cxd6 Qxd6 31. fxe5 Qxe5 32. Rae1 Be4 33. Rxf5 1-0

[Event "Buenos Aires Najdorf"]
[Site "Buenos Aires"]
[Date "1993.??.??"]
[Round "7"]
[White "Kortschnoj, Viktor"]
[Black "Panno, Oscar"]
[Result "1/2-1/2"]
[WhiteElo "2605"]
[BlackElo "2495"]
[PlyCount "95"]
[EventDate "1993.04.??"]
[Source "ChessBase"]

1. d4 Nf6 2. c4 g6 3. Nc3 Bg7 4. e4 d6 5. f3 O-O 6. Be3 b6 7. Bd3 Nfd7 8. Qd2 c5 9. d5 Ne5 10. Be2 f5 11. exf5 Bxf5 12. h3 Na6 13. g4 Bd7 14. f4 Nf7 15. Nf3 Nc7 16. O-O a6 17. Rad1 b5 18. b3 Rb8 19. Bd3 bxc4 20. bxc4 Na8 21. Rde1 Qa5 22. Nd1 Qxd2 23. Bxd2 Rfe8 24. Rf2 Nb6 25. Rfe2 Kf8 26. Bc3 Bf6 27. Kg2 Na4 28. Ba5 Nb2 29. Nxb2 Bxb2 30. Kg3 Bg7 31. h4 Nh6 32. Nh2 Bd4 33. Bd2 Rb2 34. Bc1 Rxe2 35. Bxe2 Kg7 36. Bd3 e5 37. dxe6 Rxe6 38. Bd2 Rxe1 39. Bxe1 Ng8 40. Nf3 Bb2 41. Nd2 Bc3 42. Nf3 Bxe1+ 43. Nxe1 Ne7 44. Nc2 h5 45. gxh5 Nf5+ 46. Bxf5 gxf5 47. Ne3 Be6 48. a3 1/2-1/2

[Event "Korinthos 82/71"]
[Site "?"]
[Date "2001.??.??"]
[Round "?"]
[White "Istratescu, A."]
[Black "Bagaturov, G."]
[Result "1-0"]
[WhiteElo "2598"]
[BlackElo "2489"]
[PlyCount "85"]
[EventDate "2001.??.??"]
[Source "Chess Informant"]
[SourceDate "2001.06.01"]

1. d4 Nf6 2. c4 g6 3. Nc3 Bg7 4. e4 d6 5. f3 O-O 6. Be3 b6 7. Qd2 c5 8. d5 e6 9. Nge2 exd5 10. cxd5 a6 11. a4 Nbd7 12. Ng3 h5 13. Be2 h4 14. Nf1 Nh7 15. Bh6 f5 16. Bxg7 Kxg7 17. exf5 gxf5 18. f4 Ndf6 19. Ne3 Ra7 20. O-O Re7 21. Bd3 Ng8 22. Rae1 Nh6 23. Qf2 Ree8 24. h3 Rf7 25. Nc4 Rxe1 26. Rxe1 Nf8 27. Rb1 Ng6 28. b4 Qf6 29. Ne2 Rb7 30. a5 bxa5 31. bxc5 Rxb1+ 32. Bxb1 Qa1 33. Nxd6 Qxb1+ 34. Kh2 Qd3 35. Nxc8 Qxd5 36. Nb6 Qe4 37. Qd4+ Kf7 38. Qd2 Ng8 39. Nc8 Qc6 40. Nd6+ Kf8 41. Qxa5 N8e7 42. Nd4 Qd7 43. Qa2 1-0

[Event "Oberwart Open"]
[Site "Oberwart AUT"]
[Date "1991.??.??"]
[Round "?"]
[White "Razuvaev, Yuri S"]
[Black "Vukic, Milan"]
[Result "1-0"]
[WhiteElo "2585"]
[BlackElo "2500"]
[PlyCount "107"]
[EventDate "1991.07.??"]
[Source "www.chesslib.no"]
[SourceDate "2004.05.04"]

1. d4 Nf6 2. c4 g6 3. Nc3 Bg7 4. e4 d6 5. f3 O-O 6. Be3 b6 7. Qd2 c5 8. Nge2 Nc6 9. d5 Ne5 10. Ng3 e6 11. Bg5 exd5 12. cxd5 a6 13. a4 Re8 14. Be2 Qe7 15. O-O Qf8 16. Rab1 h6 17. Be3 h5 18. Nh1 Nh7 19. Nf2 f5 20. b4 Nf6 21. bxc5 bxc5 22. exf5 gxf5 23. Kh1 Qe7 24. Bh6 Bh8 25. Rfe1 Qc7 26. Nd3 Kh7 27. Nxe5 Rxe5 28. Bf4 Re7 29. Bd3 Rxe1+ 30. Qxe1 Bg7 31. h3 Rb8 32. Qc1 Rb4 33. Nb5 axb5 34. Rxb4 bxa4 35. Rxa4 Nxd5 36. Bg3 Qe7 37. Ra8 Nb4 38. Bb1 Be6 39. Qe1 Bf6 40. Rb8 Nc6 41. Rb6 Ne5 42. Ra6 Kg6 43. Qd1 Nc4 44. Ba2 d5 45. Qe1 Kf7 46. Bxc4 dxc4 47. Be5 Qb7 48. Ra1 Bg5 49. Bc3 Qe7 50. Ra5 Bf4 51. Qa1 Bd7 52. Bh8 Kg6 53. Ra6+ Be6 54. Rxe6+ 1-0

[Event "ECC"]
[Site "Rethymnon"]
[Date "2003.09.30"]
[Round "3"]
[White "Georgiev, Kiril"]
[Black "Thiede, Lars"]
[Result "1-0"]
[WhiteElo "2637"]
[BlackElo "2440"]
[PlyCount "189"]
[EventDate "2003.09.28"]
[Source "Roberto Alvarez"]
[SourceDate "2003.10.06"]

1. d4 g6 2. c4 Bg7 3. Nc3 d6 4. e4 Nf6 5. f3 O-O 6. Be3 b6 7. Bd3 a6 8. Nge2 c5 9. e5 Nfd7 10. Be4 Ra7 11. exd6 exd6 12. O-O Nf6 13. Bc2 Re7 14. Qd2 Rfe8 15. Bf2 Be6 16. d5 Bd7 17. Bd3 b5 18. cxb5 Qa5 19. Rfd1 axb5 20. Nxb5 Qxd2 21. Rxd2 Bh6 22. Rc2 Nxd5 23. Nxd6 Nb4 24. Nxe8 Rxe8 25. Rc3 Nxd3 26. Rxd3 Rxe2 27. Bxc5 Na6 28. Bf2 Bf5 29. Rd8+ Kg7 30. Re1 Rxe1+ 31. Bxe1 Be3+ 32. Kf1 Kf6 33. Ke2 Bc5 34. Re8 Bd4 35. Rd8 Bc5 36. Bf2 Be7 37. Ra8 Nc7 38. Ra5 h5 39. Bc5 Bd8 40. Bb6 Ke7 41. Rc5 Kd7 42. Rc1 Kc8 43. Ba5 Kb7 44. g3 Bd7 45. b4 Bb5+ 46. Kf2 Bc6 47. a3 Bg5 48. f4 Bd8 49. Ke2 Bb5+ 50. Kd2 Ba4 51. Kd3 Bc6 52. Rc2 Bd7 53. Rc5 Ne6 54. Bxd8 Nxc5+ 55. bxc5 Kc6 56. Kd4 Bg4 57. a4 Kd7 58. Bb6 Kc6 59. Ke5 Bd1 60. Kf6 Bb3 61. Ke7 Bd5 62. h4 Bb3 63. a5 Bc4 64. Kd8 Kb5 65. Kd7 Bd5 66. Kd6 Be4 67. Bd8 Bf3 68. Bb6 Be4 69. Ke5 Bf3 70. f5 gxf5 71. Kxf5 Bg4+ 72. Kg5 Bf3 73. Kf6 Bd5 74. Ke7 Bf3 75. Kxf7 Bg4 76. Ke7 Be2 77. Kd7 Bg4+ 78. Kc7 Bf3 79. Kd6 Ba8 80. g4 hxg4 81. h5 g3 82. h6 Bc6 83. h7 g2 84. h8=Q g1=Q 85. Qb2+ Ka6 86. Bd8 Bb5 87. Qf6 Bc4 88. Kd7+ Kb5 89. Qb6+ Ka4 90. c6 Qg4+ 91. Kc7 Qf5 92. a6 Qf7+ 93. Kb8 Qf4+ 94. c7 Bd5 95. a7 1-0

[Event "JUG Team Ch"]
[Site "Cetinje"]
[Date "1991.??.??"]
[Round "3"]
[White "Dorfman, Josif D"]
[Black "Vukic, Milan"]
[Result "1-0"]
[WhiteElo "2575"]
[BlackElo "2500"]
[PlyCount "85"]
[EventDate "1991.??.??"]
[Source "www.chesslib.no"]
[SourceDate "2004.05.04"]

1. d4 Nf6 2. c4 g6 3. Nc3 Bg7 4. e4 d6 5. f3 O-O 6. Be3 b6 7. Bd3 a6 8. Nge2 c5 9. e5 Ne8 10. Be4 Ra7 11. dxc5 bxc5 12. Bxc5 Rd7 13. Be3 Bb7 14. Bxb7 Rxb7 15. b3 Bxe5 16. O-O Qa5 17. Qd2 Nc6 18. Rad1 Bg7 19. Na4 Qxd2 20. Rxd2 Nf6 21. Nec3 Nd7 22. Nd5 Rfb8 23. Rc1 Bf8 24. Kf2 e6 25. Ndc3 f5 26. Rcd1 Kf7 27. Kf1 Be7 28. Bf4 e5 29. Be3 Ke6 30. g3 Bf8 31. Kg2 Be7 32. Bg5 Bf8 33. Bh6 Nd4 34. Bxf8 Rxf8 35. Ne2 Nxe2 36. Rxe2 Rc8 37. Red2 Rc6 38. Kf2 Nf6 39. Rxd6+ Rxd6 40. Nc5+ Ke7 41. Rxd6 Rc7 42. Re6+ Kf7 43. Rxe5 1-0

[Event "Sufe Cup"]
[Site "Shanghai"]
[Date "2000.03.08"]
[Round "6"]
[White "Aung Aung"]
[Black "Wang Pin"]
[Result "1-0"]
[WhiteElo "2595"]
[BlackElo "2469"]
[PlyCount "83"]
[EventDate "2000.03.03"]
[Source "ChessBase"]
[SourceDate "2000.05.31"]

1. d4 Nf6 2. c4 g6 3. Nc3 Bg7 4. e4 d6 5. f3 O-O 6. Be3 c5 7. Nge2 Nc6 8. Qd2 b6 9. Rd1 e6 10. d5 Ne5 11. Ng3 exd5 12. cxd5 a6 13. a4 h5 14. Be2 h4 15. Nf1 Nh7 16. h3 f5 17. Nh2 Bd7 18. O-O b5 19. exf5 gxf5 20. f4 Ng6 21. axb5 axb5 22. Nxb5 Bxb5 23. Bxb5 Rb8 24. Qd3 Bxb2 25. Rb1 Bg7 26. Nf3 Kh8 27. Rfe1 Bh6 28. Qc3+ Qf6 29. Qc4 Qf7 30. Bd2 Nf6 31. Re6 Ne4 32. Rf1 Kh7 33. Bc1 Rg8 34. Ng5+ Nxg5 35. fxg5 Bg7 36. Be3 Be5 37. Qe2 Kg7 38. Bc4 Rb2 39. Qd1 Ne7 40. g6 Qf8 41. Qc1 f4 42. Rxe5 1-0

[Event "URS-FL49"]
[Site "Volgodonsk"]
[Date "1981.??.??"]
[Round "5"]
[White "Dorfman, Josif D"]
[Black "Rashkovsky, Nukhim N"]
[Result "1/2-1/2"]
[WhiteElo "2505"]
[BlackElo "2540"]
[PlyCount "52"]
[EventDate "1981.10.??"]
[Source "ChessBase"]

1. c4 Nf6 2. Nc3 g6 3. e4 d6 4. d4 Bg7 5. f3 O-O 6. Be3 b6 7. Bd3 a6 8. Nge2 c5 9. e5 Nfd7 10. exd6 cxd4 11. Nxd4 Nc5 12. dxe7 Qxe7 13. Nd5 Qe5 14. f4 Qd6 15. O-O Re8 16. Bf2 Bb7 17. Rc1 Nbd7 18. b4 Nxd3 19. Qxd3 b5 20. Nc3 bxc4 21. Qxc4 Qxf4 22. Nd5 Qg5 23. Nc6 Ne5 24. Nxe5 Rxe5 25. h4 Qd8 26. Nb6 Rb8 1/2-1/2

[Event "URS-FL"]
[Site "Baku"]
[Date "1977.??.??"]
[Round "12"]
[White "Savon, Vladimir A"]
[Black "Timoscenko, Genadij"]
[Result "1/2-1/2"]
[WhiteElo "2540"]
[BlackElo "2505"]
[PlyCount "45"]
[EventDate "1977.??.??"]
[Source "ChessBase"]

1. d4 Nf6 2. c4 g6 3. Nc3 Bg7 4. e4 d6 5. f3 O-O 6. Be3 b6 7. Bd3 a6 8. Nge2 c5 9. e5 Ne8 10. dxc5 bxc5 11. exd6 Nxd6 12. O-O Nd7 13. Rc1 Bb7 14. b3 Qa5 15. Bb1 Rfd8 16. Qe1 Bc6 17. Rd1 Qb6 18. Nf4 Nf6 19. Ncd5 Bxd5 20. Nxd5 Nxd5 21. Rxd5 Nb7 22. Be4 Rac8 23. f4 1/2-1/2

[Event "GEO-ch"]
[Site "?"]
[Date "2001.04.07"]
[Round "5.2"]
[White "Jobava Baadur"]
[Black "Bagaturov Giorgi"]
[Result "1-0"]
[WhiteElo "2518"]
[BlackElo "2519"]
[PlyCount "73"]
[EventDate "2001.??.??"]
[Source "www.chesslib.no"]
[SourceDate "2004.05.04"]

1. d4 Nf6 2. c4 g6 3. Nc3 Bg7 4. e4 d6 5. f3 O-O 6. Be3 b6 7. Bd3 a6 8. Nge2 c5 9. d5 e6 10. Qd2 exd5 11. cxd5 Nbd7 12. b3 Ne5 13. Bc2 b5 14. O-O Re8 15. a3 h5 16. h3 Ned7 17. b4 Bb7 18. Rab1 Rc8 19. Bb3 Nb6 20. bxc5 dxc5 21. Ba2 Nbd7 22. Nd1 Ne5 23. Nf2 Qe7 24. a4 b4 25. d6 Qd7 26. f4 Nc4 27. Bxc4 Nxe4 28. Nxe4 Rxe4 29. Rbc1 Rce8 30. Bxc5 Qc6 31. Rf2 Bc3 32. Nxc3 Rxc4 33. Bxb4 Rxb4 34. Nd5 Qxd5 35. Qxb4 Re3 36. Rd2 Rd3 37. Rcc2 1-0

[Event "WchT 4th"]
[Site "Luzern"]
[Date "1997.??.??"]
[Round "9"]
[White "Christiansen, Larry Mark"]
[Black "Temirbaev, Serik"]
[Result "1-0"]
[WhiteElo "2550"]
[BlackElo "2475"]
[PlyCount "83"]
[EventDate "1997.10.??"]
[Source "ChessBase"]
[SourceDate "1998.01.31"]

1. d4 Nf6 2. c4 g6 3. Nc3 Bg7 4. e4 d6 5. f3 O-O 6. Be3 a6 7. Bd3 b6 8. Nge2 c5 9. e5 Nfd7 10. exd6 exd6 11. O-O Nc6 12. Be4 Bb7 13. Qd2 Nf6 14. Bxc6 Bxc6 15. Rad1 Re8 16. Bh6 b5 17. Bxg7 Kxg7 18. Ng3 bxc4 19. dxc5 d5 20. Qg5 Qc8 21. Rd4 h6 22. Qd2 Qe6 23. b4 cxb3 24. axb3 a5 25. Nge2 Rab8 26. Rb1 Qe7 27. Rh4 Qxc5+ 28. Nd4 g5 29. Rxh6 Kxh6 30. Rc1 Rb4 31. Ncb5 Rxb5 32. Rxc5 Rxc5 33. h4 Re5 34. hxg5+ Rxg5 35. Nf5+ Kh5 36. Qf4 d4 37. Ne7 Ng4 38. fxg4+ Rxg4 39. Qxf7+ Kg5 40. Qg6+ Kf4 41. Qd6+ Ke3 42. Qxc5 1-0

[Event "Portugal 74/582"]
[Site "?"]
[Date "1998.??.??"]
[Round "?"]
[White "Hernandez, Roman"]
[Black "Dominguez Perez, Lenier"]
[Result "1-0"]
[WhiteElo "2440"]
[BlackElo "2585"]
[PlyCount "89"]
[Source "ChessBase"]
[SourceDate "1998.10.01"]

1. d4 Nf6 2. c4 g6 3. Nc3 Bg7 4. e4 d6 5. f3 O-O 6. Be3 c5 7. Nge2 Nc6 8. Qd2 b6 9. d5 Ne5 10. Ng3 e6 11. Be2 Ba6 12. b3 exd5 13. exd5 Re8 14. O-O Qe7 15. Bh6 Ned7 16. Bxg7 Kxg7 17. Rfe1 Kg8 18. a4 Qd8 19. Qf4 Re5 20. Bf1 Qe7 21. Rxe5 Qxe5 22. Qxe5 Nxe5 23. Nge4 Ne8 24. Re1 Nd7 25. g4 f6 26. Kf2 Kf7 27. h4 Rd8 28. Kg3 Nf8 29. Ra1 Nd7 30. f4 Rb8 31. Be2 Rd8 32. Bf3 Rb8 33. Bd1 Rd8 34. Ra2 Kg7 35. Rh2 Nf8 36. Kf3 Nd7 37. h5 Nf8 38. Bc2 Nd7 39. g5 f5 40. Ng3 Nf8 41. Bxf5 gxf5 42. Nxf5+ Kf7 43. Re2 Ng6 44. hxg6+ hxg6 45. Nh6+ 1-0

[Event "Sarajevo"]
[Site "Sarajevo"]
[Date "1972.??.??"]
[Round "12"]
[White "Petrosian, Tigran V"]
[Black "Ivanovic, Bozidar"]
[Result "1-0"]
[WhiteElo "2645"]
[BlackElo "2380"]
[PlyCount "121"]
[EventDate "1972.??.??"]
[Source "ChessBase"]

1. d4 Nf6 2. c4 g6 3. Nc3 Bg7 4. e4 d6 5. f3 O-O 6. Be3 b6 7. Bd3 a6 8. Nge2 c5 9. d5 e6 10. O-O exd5 11. cxd5 Nbd7 12. b3 b5 13. h3 Re8 14. Qd2 Nb6 15. Rac1 Bd7 16. Bf4 Qe7 17. Nd1 Rab8 18. Re1 Rb7 19. Bg5 Rc8 20. Qa5 Be8 21. Kh1 Qc7 22. Qd2 Qb8 23. Bh6 Re7 24. Bxg7 Kxg7 25. Ng3 Bd7 26. Qb2 Rce8 27. Nc3 Bc8 28. Be2 h5 29. a4 b4 30. Nd1 h4 31. Nf1 a5 32. Bb5 Bd7 33. Nde3 Bxb5 34. axb5 Re5 35. Ra1 Qd8 36. Nd2 Kh7 37. Ndc4 Nxc4 38. Nxc4 Rg5 39. Rxa5 Nxd5 40. Qf2 Nf6 41. Qxh4+ Rh5 42. Qg3 d5 43. Rd1 Qb8 44. Qxb8 Rxb8 45. exd5 Rxd5 46. Rxd5 Nxd5 47. b6 Nxb6 48. Nxb6 Rxb6 49. Rxc5 f6 50. h4 Kh6 51. Kh2 Rd6 52. Rc4 Rb6 53. g4 Rb5 54. Kg3 g5 55. hxg5+ Kxg5 56. f4+ Kg6 57. Kh4 Rb8 58. f5+ Kh6 59. Rc6 Kg7 60. Rc7+ Kh6 61. Rf7 1-0

[Event "Brno-A"]
[Site "Brno"]
[Date "1994.??.??"]
[Round "9"]
[White "Haba, Petr"]
[Black "Babula, Vlastimil"]
[Result "1/2-1/2"]
[WhiteElo "2505"]
[BlackElo "2515"]
[PlyCount "44"]
[EventDate "1994.08.??"]
[Source "ChessBase"]

1. d4 Nf6 2. c4 g6 3. Nc3 Bg7 4. e4 d6 5. f3 O-O 6. Be3 b6 7. Bd3 a6 8. Nge2 c5 9. e5 Ne8 10. Be4 Ra7 11. dxc5 bxc5 12. Bxc5 Rd7 13. Be3 Bb7 14. e6 fxe6 15. Bxb7 Rxb7 16. Rb1 Nc7 17. O-O Nc6 18. Qd2 Qb8 19. b3 Rd8 20. Rbc1 Qa8 21. Rfd1 Rbb8 22. Nd4 Rf8 1/2-1/2

[Event "Hoogovens-B"]
[Site "Wijk aan Zee"]
[Date "1990.??.??"]
[Round "10"]
[White "Brenninkmeijer, Joris"]
[Black "Damljanovic, Branko"]
[Result "1-0"]
[WhiteElo "2475"]
[BlackElo "2535"]
[PlyCount "75"]
[EventDate "1990.01.??"]
[Source "ChessBase"]

1. d4 Nf6 2. c4 g6 3. Nc3 Bg7 4. e4 d6 5. f3 O-O 6. Be3 b6 7. Bd3 Nfd7 8. Nge2 c5 9. Bc2 a6 10. O-O Nc6 11. Qd2 Rb8 12. a4 e5 13. dxe5 dxe5 14. Nd5 Nd4 15. b4 a5 16. Nxd4 exd4 17. Bf4 Ne5 18. bxc5 bxc5 19. Bxe5 Bxe5 20. f4 Bg7 21. e5 Ba6 22. Bd3 Rb3 23. Rfc1 f6 24. e6 Re8 25. e7 Qd6 26. Rab1 Rb4 27. Nxb4 axb4 28. f5 Rxe7 29. Re1 Re5 30. fxg6 hxg6 31. Rxe5 fxe5 32. Re1 Kh7 33. Qg5 Qf6 34. Qg4 Bh6 35. Rf1 Be3+ 36. Kh1 Bf4 37. Qf3 Qe7 38. Qh5+ 1-0

[Event "New York op"]
[Site "New York"]
[Date "1987.??.??"]
[Round "?"]
[White "Petursson, Margeir"]
[Black "Damljanovic, Branko"]
[Result "1-0"]
[WhiteElo "2535"]
[BlackElo "2470"]
[PlyCount "85"]
[EventDate "1987.04.??"]
[Source "ChessBase"]

1. d4 Nf6 2. c4 g6 3. Nc3 Bg7 4. e4 O-O 5. Be3 d6 6. f3 b6 7. Bd3 Nfd7 8. Nge2 c5 9. Rc1 Nc6 10. Bb1 e5 11. dxc5 dxc5 12. O-O Nd4 13. Nd5 Bb7 14. Qd2 a5 15. Kh1 Bxd5 16. cxd5 Qe7 17. Bd3 Rae8 18. Bg5 Bf6 19. Bh6 Bg7 20. Bxg7 Kxg7 21. Nxd4 exd4 22. f4 Qd6 23. Rfe1 f5 24. exf5 Nf6 25. fxg6 hxg6 26. Re6 Rxe6 27. dxe6 Ng4 28. Re1 Rxf4 29. g3 Rf2 30. e7 Rxd2 31. e8=N+ Kh6 32. Nxd6 Nf2+ 33. Kg1 Nxd3 34. Re7 Rxb2 35. Ne4 Rb1+ 36. Kg2 Re1 37. h4 c4 38. g4 Rxe4 39. g5+ Kh5 40. Rxe4 Nc5 41. Rxd4 b5 42. Kg3 Ne6 43. Rd7 1-0

[Event "Nathania"]
[Site "Nathania"]
[Date "1975.??.??"]
[Round "?"]
[White "Kraidman, Yair"]
[Black "Panno, Oscar R"]
[Result "1-0"]
[WhiteElo "2460"]
[BlackElo "2545"]
[PlyCount "78"]
[EventDate "1975.??.??"]
[Source "www.chesslib.no"]
[SourceDate "2004.05.04"]

1. d4 Nf6 2. c4 g6 3. Nc3 Bg7 4. e4 d6 5. f3 O-O 6. Be3 b6 7. Bd3 Bb7 8. Qd2 c5 9. d5 e6 10. Nh3 exd5 11. cxd5 Ba6 12. Nf2 Nfd7 13. O-O Ne5 14. Bxa6 Nxa6 15. b3 Nc7 16. a4 a6 17. f4 Nd7 18. Rad1 f5 19. Kh1 b5 20. exf5 gxf5 21. g4 Qf6 22. Ne2 Rae8 23. Ng3 Qc3 24. Qxc3 Bxc3 25. Bc1 bxa4 26. bxa4 Nb6 27. Nxf5 Rxf5 28. gxf5 Nxa4 29. Ng4 Nb6 30. Bd2 Bd4 31. Ba5 Rb8 32. Rde1 Nbxd5 33. Bxc7 Nxc7 34. Re7 Nb5 35. Rfe1 Nc3 36. f6 h5 37. Nh6+ Kh8 38. Re8+ Rxe8 39. Rxe8+ Kh7 1-0

[Event "Open 'Mediterraneo 2017'"]
[Site "Fiume CRO"]
[Date "2008.12.05"]
[Round "8"]
[White "Martinovic, Sasa"]
[Black "Nevednichy, Vladislav"]
[Result "0-1"]
[WhiteElo "2416"]
[BlackElo "2583"]
[PlyCount "100"]
[EventDate "2008.11.29"]
[Source "www.chesslib.no"]
[SourceDate "2004.05.04"]

1. d4 g6 2. c4 Bg7 3. e4 d6 4. Nc3 Nf6 5. f3 O-O 6. Be3 b6 7. Bd3 a6 8. Nge2 c5 9. e5 Nfd7 10. exd6 exd6 11. O-O Nc6 12. Bc2 Nf6 13. Qd2 cxd4 14. Nxd4 Nxd4 15. Bxd4 Be6 16. b3 d5 17. cxd5 Nxd5 18. Bxg7 Kxg7 19. Rfd1 Nxc3 20. Qxc3+ Qf6 21. Qxf6+ Kxf6 22. Rd6 Rab8 23. Rad1 Ke7 24. R6d4 a5 25. Be4 b5 26. Bd5 Rfd8 27. Bxe6 Rxd4 28. Rxd4 Kxe6 29. Kf2 Rc8 30. Ke3 Rc1 31. Rd2 h5 32. f4 Rc5 33. Ke4 Rc1 34. g3 Re1+ 35. Kf3 Ra1 36. Ke4 f6 37. Kf3 Rc1 38. Ke4 Ra1 39. Kf3 g5 40. fxg5 fxg5 41. h4 gxh4 42. gxh4 Rf1+ 43. Ke3 Rh1 44. Rg2 Rh3+ 45. Kd2 Rxh4 46. Rg6+ Kf5 47. Rb6 Rd4+ 48. Ke3 Rd5 49. Kf3 b4 50. Ra6 Rc5 0-1

[Event "Biel op"]
[Site "Biel"]
[Date "1992.??.??"]
[Round "2"]
[White "Portisch, Lajos"]
[Black "Nemet, Ivan"]
[Result "1/2-1/2"]
[WhiteElo "2595"]
[BlackElo "2400"]
[PlyCount "108"]
[EventDate "1992.07.??"]
[Source "ChessBase"]

1. d4 Nf6 2. c4 g6 3. Nc3 Bg7 4. e4 d6 5. f3 O-O 6. Be3 b6 7. Bd3 Na6 8. Nge2 c5 9. d5 e6 10. O-O exd5 11. cxd5 Nc7 12. Rb1 Nd7 13. Ng3 Rb8 14. a4 a6 15. Qd2 b5 16. axb5 Nxb5 17. Nxb5 axb5 18. b4 c4 19. Bc2 Ra8 20. Ne2 Ne5 21. Bd4 Re8 22. Nc3 Bd7 23. f4 Ng4 24. h3 Nh6 25. Rbe1 f6 26. Bb1 Nf7 27. Qb2 Qe7 28. Ne2 Ra6 29. Kh1 Rea8 30. Rf3 Ra4 31. Re3 g5 32. fxg5 Ne5 33. gxf6 Qxf6 34. Ng1 Qh4 35. Rf1 Be8 36. Nf3 Qh5 37. Nxe5 Bxe5 38. Ref3 Bg6 39. Qf2 Qg5 40. h4 Qe7 41. Bxe5 Qxe5 42. Kg1 Kg7 43. h5 Qxh5 44. e5 Ra1 45. exd6 Rxb1 46. Rxb1 Bxb1 47. Qb2+ Kg8 48. Qxb1 Qe5 49. d7 Rd8 50. Qf1 Rxd7 51. Qf2 Qa1+ 52. Kh2 Qe5+ 53. Kg1 Qa1+ 54. Kh2 Qe5+ 1/2-1/2